Canada A-Z - Statistiques

Statistiques générales
  • Ce quiz a été pris 42 fois
  • Le résultat moyen est 12 sur 26
Statistiques - réponses
Letter Hint Réponse % Correct
F Quelle est la langue principale parlée dans la province de Québec ? Français
97%
M Quelle est la plus grande ville de la province de Québec ? Montréal
92%
A Quelle province canadienne est connue pour ses vastes sables bitumineux et les Rocheuses ? Alberta
86%
I Quel est le nom des peuples autochtones vivant principalement dans les régions arctiques du Canada, connus pour leurs pratiques culturelles uniques et leur langue, l'inuktitut ? Inuit
86%
D Quel est le nom de famille de la célèbre chanteuse canadienne connue pour des succès comme « My Heart Will Go On » ? Dion
83%
E Quelle est la capitale de la province de la réponse de la lettre "A" ? Edmonton
83%
C Quelle est la plus grande ville de la province de la réponse de la lettre "A" ? Calgary
75%
Q Quel terme est utilisé pour désigner les habitants du Québec, en particulier ceux qui parlent français et font partie de l'identité culturelle distincte de la province ? Québécois
75%
G Quel est le nom du groupe de cinq grands lacs d'eau douce situé à la frontière entre le Canada et les États-Unis, qui comprend le lac Supérieur, le lac Michigan, le lac Huron, le lac Érié et le lac Ontario ? Grands Lacs
72%
T Quelle est la capitale de la province de l'Ontario ? Toronto
72%
B Quel terme décrit la capacité de parler et de comprendre deux langues couramment, ce qui est un aspect important de la politique linguistique officielle du Canada ? Bilinguisme
61%
O Quel est le nom de l'hymne national officiel du Canada ? O Canada
47%
S Quel est le principal fleuve qui traverse le cœur du Québec et qui est crucial pour le transport et le commerce ? Fleuve St-Laurent
44%
Y Quel est le nom du territoire de l'Ouest canadien connu pour sa faune et ses paysages nordiques ? Yukon
44%
H Quelle est la capitale de la province de la Nouvelle-Écosse ? Halifax
39%
L Quel est le sport national du Canada en été ? Lacrosse
39%
V Quel est le nom de la capitale de la province de la Colombie-Britannique ? Victoria
31%
W Quelle est la capitale de la réponse de la lettre "Y" ? Whitehorse
31%
N Quel est le nom de la célèbre attraction naturelle située à la frontière entre l'Ontario, au Canada, et l'État de New York, aux États-Unis, connue pour ses magnifiques chutes d'eau et comme destination touristique populaire ? Chutes Niagara
22%
P Quel était le prénom du célèbre Premier ministre du Canada connu pour avoir mis en œuvre la Loi sur les langues officielles, étant le père de Justin Trudeau et pour son rôle important dans la rapatriement de la Constitution ? Pierre Elliott
22%
Z Quel est le nom de la machine utilisée pour resurfacer les patinoires, que l'on voit couramment dans les arénas de hockey ? Zamboni
19%
J Quel est le nom du parc national canadien situé dans la province commençant par la lettre "A", connu pour ses paysages montagneux époustouflants, ses opportunités de loisirs en plein air et faisant partie du site du patrimoine mondial de l'UNESCO des parcs des montagnes Rocheuses canadiennes ? Jasper
14%
R Quel était le prénom du célèbre Premier ministre du Canada pendant la Première Guerre mondiale qui a introduit la conscription, figure sur le billet de 100 $ actuel et a ensuite aidé à établir l'autonomie du Canada par rapport à la Grande-Bretagne lors de la Conférence de paix de Paris ? Robert
6%
U Quelle est le surnom du drapeau canadien qui représente une feuille d'érable rouge sur fond blanc et symbolise l'unité et l'identité nationale du Canada ? Unifolié
6%
K Quel est le nom du groupe autochtone principalement trouvé dans les régions nordiques du Canada, notamment au Yukon et dans les Territoires du Nord-Ouest ? Kaska
0%
X Quel est le nom de l'entreprise canadienne de télécommunications qui se spécialise dans la fourniture de services Internet haute vitesse aux zones rurales et éloignées du Canada ? Xplornet Communications
0%
Aucun quiz correspondant
Distribution des résultats
% des personnes avec chaque résultat
Percentile par nombre de réponses
Votre historique - résultats
Vous n’avez pas pris ce quiz